000 00461nam a2200157Ia 4500
005 20250508154936.0
008 008 250505s9999 xx 000 0 eng d
037 _aBooks to be hide in OPAC
040 _aFEDL
_beng
_cFEDL
041 _aeng
_2eng
084 _a378.548 06, VEN
_qFEDL
245 0 _aFifth annual report of Sri Venkateswara University 1958-59
300 _aii,89p
942 _cHB
_h378.548 06, VEN
999 _c1353009
_d1353009